| 000 | 00862nac a22002177a 4500 | ||
|---|---|---|---|
| 001 | BR8705719 | ||
| 003 | BR-BrBNA | ||
| 005 | 20240105120552.0 | ||
| 008 | 230509b bl.|||m| |||| 00| 0 por d | ||
| 040 |
_aBR-BrBNA _bpor _cBiblioteca Nacional de Agricultura |
||
| 072 | _aP06 | ||
| 090 | _aP06 BR8705719 | ||
| 110 | 1 |
_aCentro de Pesquisa Agropecuaria de Terras Baixas de Clima Temperado, Pelotas, RS (Brasil) _91554 |
|
| 245 | 1 | _aEnergia alternativa para propriedade rural: fontes, utilizacao e perspectivas | |
| 260 | 3 |
_aBrasilia, DF (Brasil): _bEMBRAPA. Depto. de Difusao de Tecnologia, _c1986. |
|
| 300 | _a72 p. | ||
| 490 |
_aDocumentos - Centro de Pesquisa Agropecuaria de Terras Baixas de Clima Temperado (Brazil) _vno. 23 _xISSN 0101-9708 |
||
| 650 | _aRECURSO ENERGETICO | ||
| 909 |
_a202312 _bLúcia Elande _c55 _dLúcia Elande |
||
| 942 |
_2AGRIS _n0 _cMS |
||
| 999 |
_c280215 _d280215 |
||